000 00322nam a22001457a 4500
008 230320b ||||| |||| 00| 0 eng d
020 _a081291001
041 _aeng
080 _a030
082 _a030LEI
100 _a42
101 _aENCIKLO
245 _aCOMPLETE MEDICAL ENCYCLOPEDIA
_cLEIKIN.B.J
942 _2udc
_cBK
999 _c59402
_d59402